1935 1677 1850 1775 1059 1060 1537 1408 1161 1249 1675 1902 1516 1920 1542 1455 1652 1129 1367 1315 1387 1814 1198 1477 1105 1247 1602 1372 1442 1023 1667 1461 1610 1820 1494 1403 1510 1804 1439 1069 1006 1324 1465 1727 1989 1892 1228 1974 1943 1816 1928 1316 1437 1146 1400 1420 1533 1014 1442 1905 1492 1084 1148 1559 1851 1527 1595 1215 1963 1908 1578 1769 1073 1108 1525 1945 1811 1738 1087 1049 1672 1716 1419 1299 1293 1744 1535 1983 1295 1123 1105 1838 1097 1875 1872 1122 1501 1811 1770 BCNSPRNW ULIB Ver.6.0+V

เปลี่ยนเป็นภาษาไทย

Change to English
 แสดงรายละเอียดบรรณานุกรม
  กลับหน้าหลัก

Brief Record : Get Marc (ISO 2709) : E-mail record : QR code < ปิดหน้าต่าง
LEADER : 00000nam 2200000uu 4500
001    13399120838
003     ULIB
008    121019s2551||||th 000 0 tha d
020    ^a9789744526670
050  4 ^aBQ4570^bว559ธ 2551
100 0  ^aพระอาจารย์วิเชียร วชิรปัญโญ
245 10 ^aธรรมะออฟฟิศ /^cพระอาจารย์วิเชียร วชิรปัญโญ
260    ^aกรุงเทพฯ :^bปราชญ์สำนักพิมพ์,^c2551
300    ^a240 หน้า ;^c21 ซม.
650  7 ^aธรรมะกับชีวิตประจำวัน
945    ^p175^l0^i15440
995    ^aกัณชพร
999 ^a ใช้งานได้ทุกระบบ
รายการนี้ยังไม่มีแท็ก
คุณยังไม่ได้ล็อกอิน คุณสามารถมีกิจกรรมร่วมกับเว็บไซต์ได้ แต่ต้องล็อกอินก่อน ::
  ล็อกอิน

รายการสื่อสารสนเทศ

ลำดับที่ ประเภท เลขเรียก/บาร์โค้ด สถานที่ สถานะ
1. วิทยาศาสตร์การแพทย์ และสุขภาพ
วิทยาศาสตร์การแพทย์ และสุขภาพ
BQ4570 ว559ธ 2551  
  Barcode: 15440
ห้องสมุดวิทยาเขตสวรรค์ประชารักษ์
►หนังสือทั่วไป
บนชั้น

รายการใกล้เคียง
    ผู้แต่ง [พระอาจารย์วิเชียร วชิรปัญโญ]

    หัวเรื่อง [ธรรมะกับชีวิตประจำวัน]

BibComment


ยังไม่เคยถูกคอมเมนท์

คอมเมนท์ทรัพยากรรายการนี้
  คอมเมนท์: ธรรมะออฟฟิศ พระ..


 Copyright 2026. Bcnsprnw @Library